Financie podnikov a odvetví Praktikum

Salvato in:
Dettagli Bibliografici
Autore principale: Jesenská, Elena
Ente Autore: Vysoká škola ekonomická v Bratislave. Národohospodárska fakulta
Altri autori: Magdolenová, Mária, Rybár, Juraj
Natura: Libro
Lingua:slovacco
Pubblicazione: Bratislava VŠE 1988
Edizione:1. vyd.
Tags: Aggiungi Tag
Nessun Tag, puoi essere il primo ad aggiungerne!!

MARC

LEADER 00000nam a2200000 4500
001 c041588
005 20221219091606.0
041 0 |a slo 
044 |a SK 
245 1 0 |a Financie podnikov a odvetví  |b Praktikum  |c Elena Jesenská, Mária Magdolenová, Juraj Rybár 
250 |a 1. vyd. 
264 1 |a Bratislava  |b VŠE  |c 1988 
300 |a 172 s. 
100 1 |a Jesenská, Elena 
700 1 |a Magdolenová, Mária 
700 1 |a Rybár, Juraj 
710 2 |a Vysoká škola ekonomická v Bratislave. Národohospodárska fakulta